000 00662cam a2200193 i 4500
005 20251211114329.0
008 250721s2000 le gr 000 0 ara d
020 _a157547798X
082 1 4 _a216.393/أرن
_bا ر ن
100 1 _aالأرناؤوط، محمد موفق
_eمؤلف.
245 1 0 _aدور الوقف في المجتمعات الإسلامية /
_cالدكتور محمد موفق الارنؤوط.
250 _aالطبعة الاولى.
264 3 1 _aبيروت :
_bدار الفكر،
_c2000.
300 _a175صفحة.
650 1 7 _aالفقه الإسلامي.
650 1 7 _aالوقف.
942 _2ddc
_cBK
999 _c37311
_d37311